| 000 | 00426nam a2200157Ia 4500 | ||
|---|---|---|---|
| 008 | 210210b1997 xxu||||| |||| 00| 0 eng d | ||
| 082 | _a510 RAOT | ||
| 100 | _aRAO (B M Sreenivasa). | ||
| 245 | _aText book of mathematics. II PUC. Ed.2 | ||
| 250 | _a | ||
| 260 |
_aBangalore _bExcellent Educational Enterprises _c1997 |
||
| 300 | _axxiv,912 | ||
| 650 | _aExcellent II PUC maths | ||
| 690 | _aMathematics | ||
| 906 | _a051991 | ||
| 999 |
_c100560 _d100560 |
||